[Event "Krasnodar Region-ch"]
[Site "Krasnodar"]
[Date "2011.10.22"]
[Round "9"]
[White "Gridnev, Yury"]
[Black "Sur, Viktor"]
[Result "1/2-1/2"]
[WhiteElo "1953"]
[BlackElo "2068"]
[PlyCount "115"]
[EventDate "2011.10.14"]
[EventType "swiss"]
[EventRounds "9"]
[EventCountry "RUS"]
[SourceTitle "EXT 2022"]
[Source "ChessBase"]
[SourceDate "2021.10.06"]
[SourceVersion "1"]
[SourceVersionDate "2021.10.06"]
[SourceQuality "1"]

1. e4 d6 2. d4 Nf6 3. Nc3 Nbd7 4. f4 e5 5. Nf3 exd4 6. Nxd4 Nc5 7. e5 dxe5 8. fxe5 Nfe4 9. Nxe4 Nxe4 10. Bf4 Bc5 11. c3 Bxd4 12. Qxd4 Qxd4 13. cxd4 Bf5 14. Bc4 0-0-0 15. Bxf7 Rxd4 16. 0-0 Rd7 17. e6 Re7 18. Bxc7 Bxe6 19. Bxe6+ Kxc7 20. Rac1+ Kb8 21. Bd5 Nf6 22. Bf3 Rd8 23. Rfd1 Rde8 24. Kf2 Ne4+ 25. Kf1 g5 26. Rd4 a6 27. Bxe4 Rxe4 28. Rxe4 Rxe4 29. Kf2 Re5 30. g4 Ra5 31. a3 Rb5 32. b4 a5 33. Rc4 a4 34. Kg3 Rd5 35. Rc3 Rd2 36. h4 h6 37. hxg5 hxg5 38. Kf3 Rd4 39. Rc5 Rd3+ 40. Ke2 Rxa3 41. Rxg5 Rb3 42. Rb5 Kc7 43. Kd2 Kc6 44. Rc5+ Kb6 45. Rc3 Rxb4 46. Rg3 a3 47. Rxa3 Rxg4 48. Rb3+ Kc6 49. Kc2 Rg2+ 50. Kb1 b5 51. Rh3 Kc5 52. Rf3 Kc4 53. Rh3 Kb4 54. Rh4+ Kb3 55. Rh3+ Ka4 56. Rh4+ b4 57. Rh3 b3 58. Rh8 1/2-1/2

[Event "Krasnodar Winter A Rating"]
[Site "Krasnodar"]
[Date "2011.01.30"]
[Round "11"]
[White "Sobol, Viktor"]
[Black "Sur, Viktor"]
[Result "0-1"]
[WhiteElo "1705"]
[BlackElo "2068"]
[PlyCount "86"]
[EventDate "2011.01.24"]
[EventType "tourn"]
[EventRounds "13"]
[EventCountry "RUS"]
[SourceTitle "EXT 2022"]
[Source "ChessBase"]
[SourceDate "2021.10.06"]
[SourceVersion "1"]
[SourceVersionDate "2021.10.06"]
[SourceQuality "1"]

1. Nf3 Nf6 2. b3 g6 3. Bb2 Bg7 4. d4 d5 5. Nbd2 c6 6. e3 Bg4 7. Bd3 a6 8. h3 Bxf3 9. Qxf3 e6 10. 0-0-0 b5 11. g4 a5 12. Kb1 b4 13. Qg3 a4 14. c4 0-0 15. f3 a3 16. Ba1 Nbd7 17. c5 Qb8 18. f4 Ne8 19. h4 h6 20. Nf3 Qc7 21. Rdg1 Ndf6 22. Nd2 h5 23. gxh5 Nxh5 24. Qg5 Qd8 25. Nf3 Qxg5 26. hxg5 Nc7 27. Ne5 Bxe5 28. fxe5 Kg7 29. Be2 Rh8 30. Bf3 Kg8 31. Kc2 Ng7 32. Kd3 Nf5 33. e4 Ne7 34. Ke3 Kg7 35. Kf2 dxe4 36. Bxe4 Ncd5 37. Kf3 Nf5 38. Bxf5 gxf5 39. Kg3 Rxh1 40. Rxh1 Rh8 41. Rxh8 Kxh8 42. Kh4 Kg7 43. Kh5 Nc3 0-1

[Event "Krasnodar Winter A Rating"]
[Site "Krasnodar"]
[Date "2011.01.30"]
[Round "10"]
[White "Sur, Viktor"]
[Black "Shamsijarov, Aleksandr"]
[Result "1/2-1/2"]
[WhiteElo "2068"]
[BlackElo "2031"]
[PlyCount "86"]
[EventDate "2011.01.24"]
[EventType "tourn"]
[EventRounds "13"]
[EventCountry "RUS"]
[SourceTitle "EXT 2022"]
[Source "ChessBase"]
[SourceDate "2021.10.06"]
[SourceVersion "1"]
[SourceVersionDate "2021.10.06"]
[SourceQuality "1"]

1. e4 c5 2. f4 d5 3. exd5 Nf6 4. Bb5+ Bd7 5. Bxd7+ Qxd7 6. c4 Qc7 7. d3 g6 8. Nc3 a6 9. Nf3 Bg7 10. 0-0 0-0 11. Rb1 Nbd7 12. Ne4 Rae8 13. Bd2 e6 14. dxe6 Rxe6 15. Qc2 Rfe8 16. Rbe1 h6 17. Nxf6+ Nxf6 18. Rxe6 Rxe6 19. Re1 Rxe1+ 20. Nxe1 Nh5 21. g3 Bd4+ 22. Kg2 Qc6+ 23. Nf3 Ng7 24. Bc1 Nf5 25. Qe2 h5 26. b3 b5 27. Qe4 Qb6 28. Ng5 Nd6 29. Qd5 bxc4 30. dxc4 Kg7 31. Nf3 Nf5 32. h3 Qa5 33. Nxd4 Qxa2+ 34. Nc2 Qxc2+ 35. Qd2 Qxb3 36. Qb2+ Qxb2+ 37. Bxb2+ Kf8 38. Ba3 Ne3+ 39. Kf3 Nxc4 40. Bxc5+ Ke8 41. g4 hxg4+ 42. hxg4 Kd7 43. Ke4 Kc6 1/2-1/2

[Event "Krasnodar Winter A Rating"]
[Site "Krasnodar"]
[Date "2011.01.28"]
[Round "8"]
[White "Sur, Viktor"]
[Black "Zhukov, Evgeny N"]
[Result "1-0"]
[WhiteElo "2068"]
[BlackElo "1976"]
[PlyCount "75"]
[EventDate "2011.01.24"]
[EventType "tourn"]
[EventRounds "13"]
[EventCountry "RUS"]
[SourceTitle "EXT 2022"]
[Source "ChessBase"]
[SourceDate "2021.10.06"]
[SourceVersion "1"]
[SourceVersionDate "2021.10.06"]
[SourceQuality "1"]

1. e4 c5 2. f4 Nc6 3. Nf3 d6 4. Bb5 Bd7 5. d3 g6 6. c3 Bg7 7. Be3 Nf6 8. h3 a6 9. Bxc6 Bxc6 10. Na3 b5 11. g4 h6 12. f5 c4 13. Nd4 Bb7 14. fxg6 cxd3 15. gxf7+ Kxf7 16. Rf1 Bxe4 17. g5 hxg5 18. Qg4 Bg6 19. Ne6 Qc8 20. Nxg5+ Ke8 21. Qg2 Ne4 22. Nxe4 Qe6 23. Nf6+ Bxf6 24. Qxg6+ Kd7 25. Qg4 Rxh3 26. Qxe6+ Kxe6 27. Kd2 Rah8 28. Kxd3 Bg5 29. Nc2 Kd7 30. Rae1 e5 31. Kd2 Rh2+ 32. Re2 Rxe2+ 33. Kxe2 Rh2+ 34. Rf2 Rh5 35. Rf5 Rh2+ 36. Rf2 Rh5 37. Rg2 Bd8 38. Rg7+ 1-0

[Event "Krasnodar Winter A Rating"]
[Site "Krasnodar"]
[Date "2011.01.26"]
[Round "5"]
[White "Sur, Viktor"]
[Black "Nevolin, Viktor"]
[Result "0-1"]
[WhiteElo "2068"]
[BlackElo "1769"]
[PlyCount "68"]
[EventDate "2011.01.24"]
[EventType "tourn"]
[EventRounds "13"]
[EventCountry "RUS"]
[SourceTitle "EXT 2022"]
[Source "ChessBase"]
[SourceDate "2021.10.06"]
[SourceVersion "1"]
[SourceVersionDate "2021.10.06"]
[SourceQuality "1"]

1. e4 c5 2. d3 Nc6 3. g3 e6 4. Bg2 Nf6 5. f4 d5 6. e5 Nd7 7. c3 Qb6 8. Nf3 Be7 9. 0-0 0-0 10. Kh1 a5 11. d4 Qa6 12. g4 Kh8 13. f5 cxd4 14. cxd4 Nb6 15. f6 gxf6 16. Bh6 Rg8 17. exf6 Bxf6 18. Ne5 Bxe5 19. dxe5 Nxe5 20. Qd4 Nbd7 21. Bf4 f6 22. g5 Qd3 23. Bxe5 Nxe5 24. Qf4 Qg6 25. Qxf6+ Qxf6 26. gxf6 Rf8 27. Nc3 Ng4 28. Bh3 Nxf6 29. Rae1 Kg7 30. Bxe6 Bxe6 31. Rxe6 Rad8 32. Re7+ Rf7 33. Rg1+ Kf8 34. Re5 d4 0-1